000 00395nam a22001697a 4500
003 koha_MIRAKIL
005 20231213095803.0
008 231213b |||||||| |||| 00| 0 ||| d
040 _aTR-IsEVY
_btur
_cTR-IsEVY
082 _a333.7923 BOC/G
100 _aJohn O'M Bockris.
245 0 _aGüneş enerjisi.
260 _b[s.n.],
300 _a[ ] p.
650 _aEkonomi.
942 _2ddc
_cBK
999 _c9432
_d9432